[Event "Calvia Amateur op 13th"]
[Site "Calvia"]
[Date "2016.10.15"]
[Round "8"]
[White "Fruebing, Thomas"]
[Black "Nicholson, John"]
[Result "1-0"]
[WhiteElo "2123"]
[BlackElo "1773"]
[PlyCount "41"]
[EventDate "2016.10.08"]
[EventType "swiss"]
[EventRounds "9"]
[EventCountry "ESP"]
[SourceTitle "CBM 175 Extra"]
[Source "ChessBase"]
[SourceDate "2016.12.12"]
[SourceVersion "1"]
[SourceVersionDate "2016.12.12"]
[SourceQuality "1"]

1. e4 e6 2. d4 d5 3. Nc3 Be7 4. e5 c5 5. Qg4 Kf8 6. dxc5 Bxc5 7. Bd3 f5 8. Qg3 Nc6 9. Nf3 Nge7 10. 0-0 Ng6 11. Re1 Nb4 12. a3 Nxd3 13. cxd3 d4 14. Ne2 Kf7 15. Ng5+ Ke8 16. b4 Bb6 17. Bb2 Nxe5 18. Qxe5 Qxg5 19. Bxd4 Bd8 20. Nf4 Kf7 21. Nxe6 1-0

[Event "Calvia Amateur op 13th"]
[Site "Calvia"]
[Date "2016.10.11"]
[Round "4"]
[White "Fruebing, Thomas"]
[Black "Navarrete Terrasa, Antonio"]
[Result "1/2-1/2"]
[WhiteElo "2123"]
[BlackElo "1883"]
[PlyCount "106"]
[EventDate "2016.10.08"]
[EventType "swiss"]
[EventRounds "9"]
[EventCountry "ESP"]
[SourceTitle "CBM 175 Extra"]
[Source "ChessBase"]
[SourceDate "2016.12.12"]
[SourceVersion "1"]
[SourceVersionDate "2016.12.12"]
[SourceQuality "1"]

1. e4 c6 2. d4 d5 3. e5 Bf5 4. Nf3 e6 5. a3 Nd7 6. Nbd2 Bg6 7. Be2 Nh6 8. b3 Nf5 9. 0-0 c5 10. c4 Nxd4 11. Nxd4 cxd4 12. cxd5 d3 13. Bf3 Nxe5 14. dxe6 Nxf3+ 15. Qxf3 fxe6 16. Bb2 Qd7 17. Nc4 Qf7 18. Qe3 Be7 19. Rad1 0-0 20. Ne5 Qf5 21. Nxg6 hxg6 22. Rxd3 Bf6 23. Bxf6 gxf6 24. Rfd1 Rf7 25. h3 e5 26. b4 b6 27. Qh6 Re8 28. Qd2 Kg7 29. Rd7 Ree7 30. Rd6 Kh7 31. Qd5 Kg7 32. b5 Qc8 33. a4 Qb7 34. Qc4 Rd7 35. Qe6 Rde7 36. Qg4 Rc7 37. h4 Qc8 38. Qxc8 Rxc8 39. Rc6 Rcc7 40. Rdd6 Rcd7 41. g3 Rxd6 42. Rxd6 Rc7 43. Rc6 Rd7 44. a5 bxa5 45. Ra6 a4 46. Rxa4 Rb7 47. Ra5 Kh6 48. Kg2 g5 49. Kh3 gxh4 50. Kxh4 Kg6 51. g4 Rh7+ 52. Kg3 Rd7 53. f3 Rd5 1/2-1/2

[Event "Calvia Amateur op 13th"]
[Site "Calvia"]
[Date "2016.10.08"]
[Round "1"]
[White "Torres Mari, Juan"]
[Black "Fruebing, Thomas"]
[Result "0-1"]
[WhiteElo "1693"]
[BlackElo "2123"]
[PlyCount "108"]
[EventDate "2016.10.08"]
[EventType "swiss"]
[EventRounds "9"]
[EventCountry "ESP"]
[SourceTitle "CBM 175 Extra"]
[Source "ChessBase"]
[SourceDate "2016.12.12"]
[SourceVersion "1"]
[SourceVersionDate "2016.12.12"]
[SourceQuality "1"]

1. d4 e6 2. c4 Bb4+ 3. Nd2 d5 4. e3 Nf6 5. Ngf3 0-0 6. a3 Be7 7. Bd3 b6 8. 0-0 Bb7 9. b3 Ne4 10. Bb2 Nd7 11. Rc1 f5 12. Qe2 c6 13. Ne1 Bd6 14. g3 Qe7 15. Ng2 Nxd2 16. Qxd2 Bxa3 17. Bxa3 Qxa3 18. Qc2 Rfc8 19. f3 Qd6 20. Rfd1 Nf6 21. Nf4 c5 22. Qe2 Qe7 23. cxd5 Nxd5 24. dxc5 Rxc5 25. Rxc5 Nxf4 26. exf4 Qxc5+ 27. Kg2 Bd5 28. Bc4 Bxc4 29. bxc4 Re8 30. Qd3 Qc6 31. Qd4 Kf7 32. h4 h6 33. Ra1 Re7 34. Rb1 Rd7 35. Qc3 Rc7 36. Rc1 Qc5 37. Qd3 b5 38. h5 bxc4 39. Qd8 Qe7 40. Qb8 c3 41. Qh8 c2 42. Qh7 Qf6 43. Qh8 Qe7 44. Qb8 Qd7 45. Kh3 Rc8 46. Qb2 Qc6 47. Qd4 Rc7 48. Qd3 a5 49. g4 Qc3 50. Qe2 fxg4+ 51. Kxg4 a4 52. Qe4 a3 53. Qg6+ Ke7 54. Qe4 a2 0-1

[Event "Calvia Amateur op 12th"]
[Site "Calvia"]
[Date "2015.10.14"]
[Round "5"]
[White "Fruebing, Thomas"]
[Black "Frey, Armin"]
[Result "1-0"]
[WhiteElo "2114"]
[BlackElo "1967"]
[PlyCount "57"]
[EventDate "2015.10.10"]
[EventType "swiss"]
[EventRounds "9"]
[EventCountry "ESP"]
[SourceTitle "EXT 2017"]
[Source "ChessBase"]
[SourceDate "2016.10.25"]
[SourceVersion "1"]
[SourceVersionDate "2016.10.25"]
[SourceQuality "1"]

1. e4 c5 2. Nf3 Nc6 3. Bb5 a6 4. Bxc6 dxc6 5. b3 Bg4 6. Bb2 Nf6 7. Qe2 e6 8. h3 Bh5 9. d3 Nd7 10. a4 Qc7 11. Nbd2 f6 12. g4 Bf7 13. a5 Be7 14. e5 0-0-0 15. Nc4 Rhf8 16. Qe3 h6 17. 0-0-0 f5 18. Nfd2 fxg4 19. hxg4 Bg6 20. f4 Kb8 21. Bc3 Ka8 22. Kb2 b5 23. axb6 Nxb6 24. Nxb6+ Qxb6 25. Ra1 Rd7 26. Nc4 Qa7 27. Ra4 Rb8 28. Rha1 Kb7 29. Na5+ 1-0

[Event "Calvia Amateur op 12th"]
[Site "Calvia"]
[Date "2015.10.12"]
[Round "3"]
[White "Fruebing, Thomas"]
[Black "Prill, Gerhard"]
[Result "1-0"]
[WhiteElo "2114"]
[BlackElo "2035"]
[PlyCount "81"]
[EventDate "2015.10.10"]
[EventType "swiss"]
[EventRounds "9"]
[EventCountry "ESP"]
[SourceTitle "EXT 2017"]
[Source "ChessBase"]
[SourceDate "2016.10.25"]
[SourceVersion "1"]
[SourceVersionDate "2016.10.25"]
[SourceQuality "1"]

1. e4 e5 2. Nf3 f5 3. Nxe5 Qf6 4. d4 d6 5. Nc4 fxe4 6. Nc3 Qg6 7. f3 exf3 8. Qxf3 Qg4 9. Be2 Qxf3 10. Bxf3 Nf6 11. Nb5 Kd8 12. Bd2 Be6 13. Na5 c6 14. Nxb7+ Kd7 15. Na5 d5 16. Nc3 Na6 17. a3 Bf5 18. 0-0-0 Bd6 19. Rhf1 Bg6 20. h3 Rae8 21. Bg5 Rhf8 22. Be2 Nc7 23. Bxf6 gxf6 24. Nb7 Bg3 25. Nc5+ Kd6 26. Rf3 Bh4 27. Bd3 Ne6 28. Nxe6 Rxe6 29. Bxg6 hxg6 30. Kb1 Be1 31. Na4 Re2 32. Nc5 Bf2 33. c3 f5 34. Nd3 Bh4 35. Nf4 Re1 36. Rxe1 Bxe1 37. Nxg6 Rg8 38. Ne5 Rxg2 39. Rxf5 Bh4 40. Rh5 Bf6 41. Rh6 1-0

[Event "Berlin Cup final"]
[Site "Berlin"]
[Date "2014.09.18"]
[Round "4.1"]
[White "Fruebing, Thomas"]
[Black "Paulsen, Dirk"]
[Result "1/2-1/2"]
[WhiteElo "2034"]
[BlackElo "2294"]
[PlyCount "55"]
[EventDate "2014.09.18"]
[EventType "k.o."]
[EventRounds "6"]
[EventCountry "GER"]
[SourceTitle "EXT 2022"]
[Source "ChessBase"]
[SourceDate "2021.10.06"]
[SourceVersion "1"]
[SourceVersionDate "2021.10.06"]
[SourceQuality "1"]

1. e4 e6 2. d4 d5 3. Nc3 dxe4 4. Nxe4 Nd7 5. Nf3 Ngf6 6. Nxf6+ Nxf6 7. Bg5 Be7 8. Bd3 a6 9. 0-0 b6 10. Bxf6 Bxf6 11. Be4 Rb8 12. Bc6+ Bd7 13. Bxd7+ Qxd7 14. Qe2 b5 15. c3 Qd5 16. a4 0-0 17. axb5 axb5 18. Ra5 Rfd8 19. Rc1 g6 20. h3 c6 21. b4 Rb7 22. Qa2 Re7 23. Re1 e5 24. c4 Qd6 25. dxe5 Bxe5 26. Nxe5 Rxe5 27. Rxe5 Qxe5 28. Ra8 1/2-1/2

[Event "Rostock SSC op 13th"]
[Site "Rostock"]
[Date "2014.07.26"]
[Round "6"]
[White "Patzenhauer, Max"]
[Black "Fruebing, Thomas"]
[Result "0-1"]
[WhiteElo "1922"]
[BlackElo "2120"]
[PlyCount "50"]
[EventDate "2014.07.23"]
[EventType "swiss"]
[EventRounds "7"]
[EventCountry "GER"]
[SourceTitle "EXT 2018"]
[Source "ChessBase"]
[SourceDate "2017.10.13"]
[SourceVersion "1"]
[SourceVersionDate "2017.10.13"]
[SourceQuality "1"]

1. d4 e6 2. Nf3 Nf6 3. Bf4 b6 4. e3 Nh5 5. Bg3 Nxg3 6. hxg3 Bb7 7. Nbd2 c5 8. c3 Qf6 9. Bd3 cxd4 10. cxd4 Bxf3 11. gxf3 Bb4 12. Ke2 Bxd2 13. Qxd2 Nc6 14. Rac1 h6 15. Rc2 0-0 16. Be4 Rac8 17. Rhc1 Ne7 18. Rc7 d5 19. Bd3 Rxc7 20. Rxc7 a5 21. Qc3 g6 22. Qa3 Nf5 23. Qc3 Rb8 24. Qc6 Kg7 25. Qd6 Nxd6 0-1

[Event "Rostock SSC op 13th"]
[Site "Rostock"]
[Date "2014.07.25"]
[Round "5"]
[White "Fruebing, Thomas"]
[Black "Reznik, Leonid"]
[Result "0-1"]
[WhiteElo "2120"]
[BlackElo "1931"]
[PlyCount "172"]
[EventDate "2014.07.23"]
[EventType "swiss"]
[EventRounds "7"]
[EventCountry "GER"]
[SourceTitle "EXT 2018"]
[Source "ChessBase"]
[SourceDate "2017.10.13"]
[SourceVersion "1"]
[SourceVersionDate "2017.10.13"]
[SourceQuality "1"]

1. e4 d6 2. d4 g6 3. Bc4 Nf6 4. Nc3 Bg7 5. Nf3 c6 6. Bb3 b5 7. a3 a5 8. 0-0 Ba6 9. e5 dxe5 10. Nxe5 0-0 11. Re1 Nfd7 12. Nf3 b4 13. Na4 bxa3 14. Rxa3 e6 15. Bg5 Qc7 16. Ra1 Bb5 17. Nc3 Nb6 18. Ne4 Bc4 19. c3 Bxb3 20. Qxb3 Nd5 21. Nc5 Nd7 22. Nxd7 Qxd7 23. Qc4 Qb7 24. Ra2 Rfb8 25. Rea1 a4 26. g3 f6 27. Bc1 Qb5 28. Qf1 Nb6 29. Bf4 Rb7 30. b4 g5 31. Bd2 Nc4 32. Qe2 Re7 33. Ne1 Nd6 34. Qxb5 cxb5 35. Nd3 Nc4 36. Re1 Rae8 37. f4 gxf4 38. Bxf4 e5 39. Rae2 Kf8 40. dxe5 fxe5 41. Bg5 Rf7 42. Nc5 Rf5 43. Ne4 h6 44. Bh4 Rf3 45. Rf2 Rxf2 46. Kxf2 Re6 47. Rd1 a3 48. Bd8 Rc6 49. Ke2 Kf7 50. g4 Bf8 51. Ba5 Ke6 52. h4 Be7 53. h5 Nxa5 54. bxa5 Ra6 55. Kd3 Rxa5 56. Kc2 Ra4 57. Nd2 Rxg4 58. Kb3 Rg3 59. Re1 b4 60. Ne4 Rg2 61. cxb4 Rb2+ 62. Kxa3 Rxb4 63. Ka2 Kd5 64. Nc3+ Kd4 65. Ne2+ Kd3 66. Nc1+ Kc2 67. Re2+ Kxc1 68. Rxe5 Bg5 69. Ka3 Rh4 70. Kb3 Rxh5 71. Kc4 Kd2 72. Re6 Be3 73. Rd6+ Ke2 74. Re6 Rh4+ 75. Kd5 h5 76. Ke5 Kf3 77. Kf5 Rf4+ 78. Kg6 h4 79. Kh5 Bf2 80. Ra6 h3 81. Ra3+ Kg2 82. Kg5 Rf3 83. Ra1 h2 84. Kg4 Bg1 85. Ra2+ Rf2 86. Ra3 h1Q 0-1

[Event "Calvia Amateur op 10th"]
[Site "Calvia"]
[Date "2013.10.12"]
[Round "8"]
[White "Sjogren, Stig"]
[Black "Fruebing, Thomas"]
[Result "1/2-1/2"]
[WhiteElo "1831"]
[BlackElo "2152"]
[PlyCount "48"]
[EventDate "2013.10.05"]
[EventType "swiss"]
[EventRounds "9"]
[EventCountry "ESP"]
[SourceTitle "EXT 2014"]
[Source "ChessBase"]
[SourceDate "2013.11.20"]
[SourceVersion "1"]
[SourceVersionDate "2013.11.20"]
[SourceQuality "1"]

1. Nf3 Nf6 2. g3 d5 3. d4 e6 4. Bg2 c5 5. e3 Nc6 6. 0-0 Bd6 7. Nbd2 cxd4 8. exd4 0-0 9. c4 b6 10. b3 a5 11. Bb2 Bd7 12. Ne5 Rc8 13. Rc1 Ne7 14. Nxd7 Qxd7 15. Qe2 Rc7 16. Rc2 Rfc8 17. Rfc1 a4 18. h3 Bb4 19. Nf3 Qd6 20. Ne5 Ba3 21. c5 Bxc5 22. dxc5 bxc5 23. Ba3 axb3 24. axb3 Qb6 1/2-1/2

[Event "Berlin Lichtenberger op 12th"]
[Site "Berlin"]
[Date "2013.08.24"]
[Round "8"]
[White "Schmidt, Markus1111"]
[Black "Fruebing, Thomas"]
[Result "0-1"]
[WhiteElo "2061"]
[BlackElo "2166"]
[PlyCount "158"]
[EventDate "2013.08.17"]
[EventType "swiss"]
[EventRounds "9"]
[EventCountry "GER"]
[SourceTitle "CBM 156 Extra"]
[Source "ChessBase"]
[SourceDate "2013.10.22"]
[SourceVersion "1"]
[SourceVersionDate "2013.10.22"]
[SourceQuality "1"]

1. e4 e6 2. b3 d5 3. Bb2 Nf6 4. e5 Nfd7 5. f4 Be7 6. Qg4 0-0 7. Nf3 f5 8. Qh3 b6 9. Nd4 Nc5 10. Be2 a5 11. 0-0 a4 12. Rf3 Qe8 13. Kh1 axb3 14. axb3 Rxa1 15. Bxa1 Qf7 16. b4 Nb7 17. b5 Bc5 18. Na3 Na5 19. Nb3 Nxb3 20. Rxb3 Rd8 21. d4 Bxa3 22. Rxa3 c5 23. bxc6 Nxc6 24. Qb3 Qc7 25. Bc3 Bd7 26. Bb5 Rc8 27. Bxc6 Qxc6 28. Bb4 Qxc2 29. Qxc2 Rxc2 30. h4 Rc4 31. Ra8+ Kf7 32. Bd6 Ra4 33. Rf8+ Kg6 34. h5+ Kxh5 35. Rf7 Be8 36. Rxg7 Bg6 37. Re7 Rxd4 38. Rxe6 Kg4 39. Kh2 Rxf4 40. Be7 Re4 41. Rxb6 Rxe5 42. Bf6 Re2 43. Rb5 Rd2 44. Rb2 Rd1 45. Be5 Re1 46. Bd6 f4 47. Rf2 Re4 48. Rd2 Bf7 49. Bc5 Be6 50. Bf2 h5 51. Bc5 Kf5 52. Bd4 Re1 53. Bf2 Re3 54. g3 fxg3+ 55. Bxg3 Ke4 56. Bf2 d4 57. Kg2 Bh3+ 58. Kh2 Bf1 59. Kg1 Bc4 60. Kg2 Bb5 61. Kg1 Rd3 62. Rb2 Rd1+ 63. Kg2 Bf1+ 64. Kg3 Rc1 65. Kh4 Rc5 66. Rd2 Bd3 67. Ra2 Rf5 68. Bg3 Bf1 69. Ra4 Ke3 70. Bh2 d3 71. Bg1+ Kf3 72. Ra1 Be2 73. Ra2 Kg2 74. Be3 Rf3 75. Bc1 Rh3+ 76. Kg5 Rg3+ 77. Kf4 h4 78. Ke4 h3 79. Bf4 Rg4 0-1

[Event "Berlin Lichtenberger op 12th"]
[Site "Berlin"]
[Date "2013.08.19"]
[Round "3"]
[White "Fruebing, Thomas"]
[Black "Martin, Julian"]
[Result "1/2-1/2"]
[WhiteElo "2166"]
[BlackElo "1888"]
[PlyCount "63"]
[EventDate "2013.08.17"]
[EventType "swiss"]
[EventRounds "9"]
[EventCountry "GER"]
[SourceTitle "CBM 156 Extra"]
[Source "ChessBase"]
[SourceDate "2013.10.22"]
[SourceVersion "1"]
[SourceVersionDate "2013.10.22"]
[SourceQuality "1"]

1. e4 c5 2. Nf3 d6 3. Bb5+ Bd7 4. Bxd7+ Qxd7 5. 0-0 Nc6 6. c3 Nf6 7. Re1 e6 8. d3 Be7 9. Nbd2 0-0 10. Nf1 Rac8 11. Ng3 Rfd8 12. Bg5 h6 13. Bxf6 Bxf6 14. a4 Qc7 15. Nh5 Be7 16. d4 cxd4 17. Nxd4 Nxd4 18. Qxd4 Bf8 19. Re3 Qc4 20. Qd1 g6 21. Ng3 Bg7 22. Rd3 d5 23. Rb1 d4 24. Ne2 Qxd3 25. Qxd3 dxc3 26. Qxd8+ Rxd8 27. bxc3 Rd2 28. Kf1 Ra2 29. f3 Rxa4 30. Rxb7 Be5 31. h3 Rc4 32. Rxa7 1/2-1/2

[Event "Calvia Amateur op 9th"]
[Site "Calvia"]
[Date "2012.10.10"]
[Round "5"]
[White "Fruebing, Thomas"]
[Black "Van den Bersselaar, Jeroen"]
[Result "1-0"]
[WhiteElo "2164"]
[BlackElo "2196"]
[PlyCount "93"]
[EventDate "2012.10.06"]
[EventType "swiss"]
[EventRounds "9"]
[EventCountry "ESP"]
[SourceTitle "EXT 2013"]
[Source "ChessBase"]
[SourceDate "2012.11.22"]
[SourceVersion "1"]
[SourceVersionDate "2012.11.22"]
[SourceQuality "1"]

1. e4 c6 2. d4 d5 3. e5 Bf5 4. Nf3 e6 5. a3 c5 6. Bb5+ Nc6 7. c4 a6 8. Bxc6+ bxc6 9. Qa4 Qd7 10. Nc3 Bd3 11. cxd5 cxd5 12. Qxd7+ Kxd7 13. Na4 Kc6 14. dxc5 Bxc5 15. Nxc5 Kxc5 16. Be3+ Kc6 17. Kd2 Be4 18. Ng5 Bg6 19. Rhc1+ Kb7 20. Rc3 Rd8 21. Nf3 Ne7 22. Bg5 Rhe8 23. Bxe7 Rxe7 24. Nd4 Rc8 25. Rac1 Rxc3 26. Rxc3 Rc7 27. Rxc7+ Kxc7 28. Kc3 Kb6 29. Kb4 Bd3 30. g3 Bf1 31. Kc3 Bc4 32. b4 Bf1 33. h4 Bc4 34. Kd2 h6 35. Kc3 Ba2 36. h5 Bb1 37. g4 Kc7 38. f3 Kd7 39. f4 f6 40. Nb3 fxe5 41. fxe5 Kc6 42. Nc5 a5 43. Nxe6 axb4+ 44. axb4 g6 45. Nd4+ Kd7 46. g5 gxh5 47. gxh6 1-0

[Event "Calvia Amateur op 8th"]
[Site "Calvia"]
[Date "2011.10.15"]
[Round "8"]
[White "Fruebing, Thomas"]
[Black "Strand, Oyvin"]
[Result "1-0"]
[WhiteElo "2166"]
[BlackElo "2021"]
[PlyCount "75"]
[EventDate "2011.10.08"]
[EventType "swiss"]
[EventRounds "9"]
[EventCountry "ESP"]
[SourceTitle "CBM 144 Extra"]
[Source "ChessBase"]
[SourceDate "2011.10.28"]
[SourceVersion "1"]
[SourceVersionDate "2011.10.28"]
[SourceQuality "1"]

1. e4 e6 2. d4 d5 3. Nc3 dxe4 4. Nxe4 Bd7 5. Nf3 Bc6 6. Bd3 Nd7 7. Qe2 Ngf6 8. Bd2 Be7 9. Neg5 Bxf3 10. Nxf3 c6 11. 0-0 0-0 12. c3 Qc7 13. Bg5 Bd6 14. Rfe1 Rfe8 15. Ne5 Rac8 16. Rad1 a6 17. a3 c5 18. Nxd7 Nxd7 19. Qh5 g6 20. Qh4 c4 21. Bc2 b5 22. Re3 Nf8 23. Bh6 Be7 24. Qg4 Bf6 25. Rde1 Qd7 26. h4 Bg7 27. Bf4 h6 28. Qf3 a5 29. Be4 f5 30. Bb7 Red8 31. Bxc8 Qxc8 32. Be5 Qd7 33. Qf4 Rc8 34. Bxg7 Qxg7 35. Qd6 Qc7 36. Rxe6 Nxe6 37. Rxe6 Qxd6 38. Rxd6 1-0

[Event "Calvia Amateur op 8th"]
[Site "Calvia"]
[Date "2011.10.14"]
[Round "7"]
[White "Navarro Ortiz de Orruno, Borja"]
[Black "Fruebing, Thomas"]
[Result "1-0"]
[WhiteElo "2275"]
[BlackElo "2166"]
[PlyCount "119"]
[EventDate "2011.10.08"]
[EventType "swiss"]
[EventRounds "9"]
[EventCountry "ESP"]
[SourceTitle "CBM 144 Extra"]
[Source "ChessBase"]
[SourceDate "2011.10.28"]
[SourceVersion "1"]
[SourceVersionDate "2011.10.28"]
[SourceQuality "1"]

1. d4 e6 2. g3 Nf6 3. c4 Bb4+ 4. Bd2 Qe7 5. Bg2 Nc6 6. Nf3 Bxd2+ 7. Nbxd2 d6 8. e3 0-0 9. 0-0 Rb8 10. Qc2 e5 11. d5 Nb4 12. Qc3 Na6 13. Ne1 Re8 14. Nc2 Nh5 15. Rae1 Bd7 16. Qa3 g6 17. b4 Ra8 18. Nb3 Nb8 19. Na5 b6 20. Nc6 Nxc6 21. dxc6 Bf5 22. Na1 a5 23. b5 Nf6 24. Qb3 h5 25. h4 Qe6 26. e4 Bh3 27. Kh2 Bxg2 28. Kxg2 Nh7 29. Nc2 Kh8 30. Ne3 Rac8 31. Qd3 Nf6 32. f3 Kg7 33. Rf2 Ng8 34. Ref1 Nh6 35. Nd5 f5 36. Qc3 Rf8 37. f4 Ng4 38. Re2 fxe4 39. Rxe4 Qf5 40. Rfe1 Rf7 41. Qd3 Rcf8 42. Ne3 Nxe3+ 43. Qxe3 exf4 44. Rxf4 Qc8 45. Rxf7+ Rxf7 46. Qe6 Qf8 47. Re2 Rf6 48. Qd7+ Rf7 49. Re8 Rxd7 50. cxd7 Qf5 51. d8Q Qc2+ 52. Kg1 Qb1+ 53. Kf2 Qf5+ 54. Ke3 Qc5+ 55. Kd3 Qf5+ 56. Kd4 Qc5+ 57. Kd3 Qf5+ 58. Re4 Qf1+ 59. Re2 Qf3+ 60. Kd2 1-0

[Event "Calvia Amateur op 8th"]
[Site "Calvia"]
[Date "2011.10.12"]
[Round "5"]
[White "Luijpen, Michiel"]
[Black "Fruebing, Thomas"]
[Result "0-1"]
[WhiteElo "2066"]
[BlackElo "2166"]
[PlyCount "54"]
[EventDate "2011.10.08"]
[EventType "swiss"]
[EventRounds "9"]
[EventCountry "ESP"]
[SourceTitle "CBM 144 Extra"]
[Source "ChessBase"]
[SourceDate "2011.10.28"]
[SourceVersion "1"]
[SourceVersionDate "2011.10.28"]
[SourceQuality "1"]

1. e4 e6 2. d4 d5 3. Nc3 Bb4 4. e5 c5 5. Bd2 cxd4 6. Nb5 Bxd2+ 7. Qxd2 Ne7 8. Nd6+ Kf8 9. f4 Nbc6 10. Nf3 Bd7 11. 0-0-0 Qb6 12. g4 Nc8 13. f5 Nxd6 14. exd6 Nb4 15. Nxd4 Qxd6 16. fxe6 fxe6 17. Bh3 h6 18. Rhg1 Nc6 19. Nxc6 bxc6 20. Rdf1+ Kg8 21. g5 hxg5 22. Qxg5 Rh7 23. Rg3 Rf8 24. Rxf8+ Qxf8 25. Qg4 Rh6 26. Rc3 c5 27. Re3 Qf6 0-1

[Event "Calvia Amateur op 8th"]
[Site "Calvia"]
[Date "2011.10.11"]
[Round "4"]
[White "Fruebing, Thomas"]
[Black "Garcia del Rey, Senen"]
[Result "0-1"]
[WhiteElo "2166"]
[BlackElo "2295"]
[PlyCount "79"]
[EventDate "2011.10.08"]
[EventType "swiss"]
[EventRounds "9"]
[EventCountry "ESP"]
[SourceTitle "CBM 144 Extra"]
[Source "ChessBase"]
[SourceDate "2011.10.28"]
[SourceVersion "1"]
[SourceVersionDate "2011.10.28"]
[SourceQuality "1"]

1. e4 c5 2. c3 Nf6 3. e5 Nd5 4. d4 cxd4 5. Qxd4 e6 6. Bc4 Nc6 7. Qe4 d6 8. f4 Nb6 9. Bb3 Nd7 10. Nf3 Nc5 11. Qe3 dxe5 12. fxe5 Nxb3 13. axb3 b6 14. Qe2 Be7 15. 0-0 0-0 16. Bf4 a5 17. b4 Bb7 18. b5 Bc5+ 19. Be3 Bxe3+ 20. Qxe3 Ne7 21. Na3 Nf5 22. Qf2 Qc7 23. Nd2 Bd5 24. Rfe1 Rad8 25. Rac1 Rd7 26. Nf1 Rfd8 27. Rcd1 Ba8 28. Rxd7 Rxd7 29. Nc2 Rd5 30. c4 Rc5 31. b3 h5 32. Nd4 Nxd4 33. Qxd4 a4 34. Rd1 axb3 35. Qb2 Rxc4 36. Qxb3 Bd5 37. Qe3 Re4 38. Qa3 Qxe5 39. h3 Re2 40. Qb3 0-1

[Event "Dresden ZMD op 20th"]
[Site "Dresden"]
[Date "2011.08.08"]
[Round "3"]
[White "Fruebing, Thomas"]
[Black "Gottschlich, Carsten"]
[Result "0-1"]
[WhiteElo "2187"]
[BlackElo "2350"]
[PlyCount "91"]
[EventDate "2011.08.06"]
[EventType "swiss"]
[EventRounds "9"]
[EventCountry "GER"]
[SourceTitle "CBM 143 Extra"]
[Source "ChessBase"]
[SourceDate "2011.08.29"]
[SourceVersion "1"]
[SourceVersionDate "2011.08.29"]
[SourceQuality "1"]

1. e4 c5 2. Nf3 d6 3. Bb5+ Bd7 4. Bxd7+ Qxd7 5. 0-0 Nf6 6. Re1 Nc6 7. c3 e6 8. d4 d5 9. exd5 Qxd5 10. Qa4 Be7 11. Be3 0-0 12. Nbd2 Rfd8 13. dxc5 Bxc5 14. Bxc5 Qxc5 15. Nb3 Qb6 16. Rad1 h6 17. Nfd4 Rd5 18. Nxc6 bxc6 19. Rxd5 cxd5 20. Qa5 Qb7 21. Re2 Ne4 22. h3 Rc8 23. Nd4 Nd6 24. Qa4 Nc4 25. Qc2 Rb8 26. b3 Nd6 27. Qd3 Rc8 28. Rc2 Rc5 29. a4 a6 30. b4 Rc4 31. Nb3 Qc8 32. Na5 Rc7 33. c4 Nxc4 34. Nxc4 Rxc4 35. Rxc4 dxc4 36. Qc3 Qc6 37. Kf1 Qxa4 38. Ke2 Qc6 39. Kd2 Qd5+ 40. Kc1 Qd3 41. Kb2 Kf8 42. g3 Qxc3+ 43. Kxc3 Ke7 44. Kxc4 Kd6 45. b5 axb5+ 46. Kxb5 0-1

[Event "Calvia Amateur op 6th"]
[Site "Calvia"]
[Date "2009.10.18"]
[Round "9"]
[White "Cruz, Jonathan"]
[Black "Fruebing, Thomas"]
[Result "1-0"]
[WhiteElo "2292"]
[BlackElo "2232"]
[PlyCount "87"]
[EventDate "2009.10.10"]
[EventType "swiss"]
[EventRounds "9"]
[EventCountry "ESP"]
[SourceTitle "CBM 132 Extra"]
[Source "ChessBase"]
[SourceDate "2009.11.03"]
[SourceVersion "1"]
[SourceVersionDate "2009.11.03"]
[SourceQuality "1"]

1. d4 e6 2. c4 b6 3. a3 Bb7 4. Nc3 f5 5. d5 Bd6 6. g3 Nf6 7. Bg2 0-0 8. e3 Qe7 9. Nge2 a6 10. 0-0 e5 11. e4 f4 12. gxf4 Ng4 13. f5 Qh4 14. h3 Nf6 15. Ng3 Bc5 16. Qd3 g6 17. fxg6 hxg6 18. Be3 d6 19. Bxc5 bxc5 20. Nce2 Nbd7 21. Rac1 Rae8 22. Qe3 Rf7 23. b4 Bc8 24. f4 exf4 25. Rxf4 Qh6 26. bxc5 Nxc5 27. Rcf1 Rfe7 28. Nc3 Nh7 29. h4 Re5 30. Qf3 Rf8 31. Rf7 Ree8 32. h5 Nd7 33. hxg6 Qxg6 34. Rxf8+ Ndxf8 35. Nf5 Bxf5 36. exf5 Qf6 37. Ne4 Qd4+ 38. Kh1 Qxc4 39. Qg4+ Kf7 40. Nxd6+ cxd6 41. Qxc4 Nf6 42. Qxa6 N8d7 43. Qxd6 Rh8+ 44. Kg1 1-0

[Event "Calvia Amateur op 6th"]
[Site "Calvia"]
[Date "2009.10.17"]
[Round "8"]
[White "Fruebing, Thomas"]
[Black "Lacrosse, Marc"]
[Result "1/2-1/2"]
[WhiteElo "2232"]
[BlackElo "2179"]
[PlyCount "60"]
[EventDate "2009.10.10"]
[EventType "swiss"]
[EventRounds "9"]
[EventCountry "ESP"]
[SourceTitle "CBM 132 Extra"]
[Source "ChessBase"]
[SourceDate "2009.11.03"]
[SourceVersion "1"]
[SourceVersionDate "2009.11.03"]
[SourceQuality "1"]

1. e4 e5 2. Nc3 Nc6 3. f4 Bc5 4. Nf3 d6 5. Bb5 Nge7 6. Na4 a6 7. Bxc6+ Nxc6 8. Nxc5 dxc5 9. d3 Bg4 10. h3 Bxf3 11. Qxf3 Qd4 12. c3 Qd6 13. 0-0 f6 14. Qg4 0-0 15. Be3 Qxd3 16. Bxc5 Rf7 17. Qe6 Qb5 18. b4 Nd8 19. Qb3 b6 20. Be3 Qd3 21. Rae1 Nc6 22. Bc1 b5 23. fxe5 Nxe5 24. Bf4 Re8 25. Bxe5 Rxe5 26. Rf3 Qd6 27. Rf5 g6 28. Rxe5 Qxe5 29. Re3 Kg7 30. Qd5 Re7 1/2-1/2

[Event "Calvia Amateur op 6th"]
[Site "Calvia"]
[Date "2009.10.16"]
[Round "7"]
[White "Bendayan Claros, Aaron Arturo"]
[Black "Fruebing, Thomas"]
[Result "0-1"]
[WhiteElo "2179"]
[BlackElo "2232"]
[PlyCount "88"]
[EventDate "2009.10.10"]
[EventType "swiss"]
[EventRounds "9"]
[EventCountry "ESP"]
[SourceTitle "CBM 132 Extra"]
[Source "ChessBase"]
[SourceDate "2009.11.03"]
[SourceVersion "1"]
[SourceVersionDate "2009.11.03"]
[SourceQuality "1"]

1. d4 e6 2. Nf3 f5 3. c4 Nf6 4. Nc3 Be7 5. g3 0-0 6. Bg2 d6 7. 0-0 c6 8. Qd3 d5 9. Ne5 Nfd7 10. f4 Nxe5 11. fxe5 Nd7 12. c5 b6 13. b4 a5 14. b5 bxc5 15. bxc6 Ba6 16. Qf3 Nb6 17. Be3 Nc4 18. Rfd1 Kh8 19. dxc5 Nxe5 20. Qf4 Nxc6 21. Qa4 Nb4 22. a3 Bf6 23. Rac1 Qb8 24. axb4 axb4 25. Nb1 Bxe2 26. Qd7 Bxd1 27. Rxd1 Qc8 28. Qb5 Rb8 29. Qd3 Rd8 30. Qe2 d4 31. Bd2 Qxc5 32. Qxe6 Qc2 33. Qe1 b3 34. Kh1 Re8 35. Qf1 b2 36. Bf3 d3 37. h4 Re7 38. Re1 Ra7 39. Bf4 Ra1 40. h5 h6 41. g4 d2 42. Bxd2 Rxb1 43. Rxb1 Qxd2 44. Rd1 Qxd1 0-1

[Event "Calvia Amateur op 5th"]
[Site "Calvia"]
[Date "2008.10.14"]
[Round "5"]
[White "Andersson, Lars"]
[Black "Fruebing, Thomas"]
[Result "1/2-1/2"]
[WhiteElo "2159"]
[BlackElo "2241"]
[PlyCount "36"]
[EventDate "2008.10.10"]
[EventType "swiss"]
[EventRounds "9"]
[EventCountry "ESP"]
[SourceTitle "CBM 126 Extra"]
[Source "ChessBase"]
[SourceDate "2008.11.05"]
[SourceVersion "1"]
[SourceVersionDate "2008.11.05"]
[SourceQuality "1"]

1. f4 d5 2. Nf3 g6 3. g3 c6 4. Bg2 Bg7 5. c3 Nh6 6. d3 Qb6 7. e4 dxe4 8. dxe4 0-0 9. Qe2 Qa6 10. Qxa6 Nxa6 11. Be3 Rd8 12. Nbd2 Bg4 13. h3 Be6 14. g4 f5 15. gxf5 gxf5 16. Ng5 Bf7 17. Nxf7 Nxf7 18. 0-0-0 Nc7 1/2-1/2